000 00571nam a2200205Ia 4500
005 20250923145926.0
008 008 250917s9999 xx 000 0 eng d
037 _aTextual
040 _aDSWL
_beng
_cDSWL
041 _aeng
_2eng
084 _aY720bL:5x2, N94
_qDSWL
245 0 _aTribal health in India
_c by B. Singh
260 _aNew Delhi
_b Inter India Publication
_c1995
300 _a208p.
365 _aINR
_b285.00
700 _a N. Mahanti
_9840374
925 _g285.00
942 _cTEXL
_hY720bL:5x2, N94
999 _c1457425
_d1457425